Countries that belonged to Germany in WW2 - Statistics

General Stats
  • This quiz has been taken 159 times
  • The average score is 6 of 9
Answer Stats
Hint Answer % Correct
Country France
95%
Country Poland
92%
Country Belgium
83%
Country Netherlands
82%
Country Denmark
76%
Country Luxembourg
70%
Country Norway
69%
Country Greece
41%
Country Yugoslavia
32%
No matching quizzes found
Score Distribution
Percent of People with Each Score
Percentile by Number Answered
Your Score History
You have not taken this quiz